Drapeaux européens - Statistiques

Statistiques générales
  • Ce quiz a été pris 56 fois
  • Le résultat moyen est 40 sur 48
Statistiques - réponses
Par images Réponse % Correct
Allemagne
100%
Belgique
100%
Espagne
100%
France
100%
Suede
100%
Suisse
100%
Croatie
98%
Grece
98%
Norvege
98%
Portugal
98%
Roumanie
98%
Albanie
96%
Italie
96%
Ukraine
94%
Finlande
92%
Turquie
92%
Danemark
90%
Autriche
88%
Bulgarie
88%
Luxembourg
88%
Pays bas
88%
Royaume Uni
88%
Bosnie
86%
Russie
86%
Tchequie
86%
Islande
84%
Malte
84%
Biellorussie
82%
Estonie
82%
Monaco
82%
Hongrie
80%
Lithuanie
78%
Lithuanie
78%
Saint Marin
78%
Serbie
78%
Slovaquie
78%
Lettonie
76%
Georgie
74%
Kosovo
74%
Slovenie
74%
Andorre
72%
Vatican
72%
Monténégro
70%
Armenie
68%
Liechtenstein
66%
Moldavie
66%
Azerbaïdjan
60%
Ireland
28%
Aucun quiz correspondant
Distribution des résultats
% des personnes avec chaque résultat
Percentile par nombre de réponses
Votre historique - résultats
Vous n’avez pas pris ce quiz